| 000 | 00526nam a2200169 i 4500 | ||
|---|---|---|---|
| 001 | 82496 | ||
| 003 | ES-MaACL | ||
| 005 | 20230906174700.0 | ||
| 007 | t| | ||
| 008 | 041110s1969 sp ||||1| spa d | ||
| 100 | 1 |
_aIllingworth, Ronald s. _965198 |
|
| 245 | 1 | 3 |
_aEl niño normal / _cpor Ronald S. Illingworth ; [traducción, César Gutiérrez Balbis]. |
| 260 |
_aMadrid : _bMontecorvo, _c1969. |
||
| 300 |
_a646 p., 5 lám. ; _c25 cm. |
||
| 700 | 1 |
_aGutiérrez Balbis, César. _961093 |
|
| 852 |
_aES-MaACL _jC-36919 _bR.69714 |
||
| 999 |
_c82496 _d82496 |
||